000 00589nam a2200217 a 4500
001 BRL_620
005 20190320210826.0
008 110913s1955----gw-#######---#000-0#ger-#
041 _ager
044 _agw
050 4 _aPQ2613.I57
_b.G56 1955
100 1 _aGiono, Jean
_d1895-1970
_924449
245 1 0 _aDer Husar auf Dem Dach
_bRoman
_cJean Giono.
260 _aHamburgo
_brororo Rowohlt
_c1955
300 _a298 p.
_c19 cm.
500 _aAu680
500 _aTraducción de: Le hussard sur le toit.
650 1 4 _aLiteratura francesa
_ySiglo XX
_924450
902 _aGRL
942 _2lcc
_cB
999 _c9432
_d9432